000 00908nam a22002537a 4500
999 _c5630
_d5630
003 OSt
005 20251010134009.0
008 251010b ||||| |||| 00| 0 eng d
020 _a9781409591582
_qbook set
040 _cKH8
082 _aFIC DIC
100 _aDickins, Rosie,
_eauthor.
245 _aThe Magic Porridge Pot /
_cretold by Rosie Dickins ; illustrated by Mike and Carl Gordon.
260 _aEngland ;
_bUsborne Publishing Ltd ,
_c2007.
300 _a48 pages :
_bcolor illustrations ;
_c20 cm.
490 _aUsborne First Reading
_vlevel three
520 _aHannah is always hungry... until she is given a magic porridge pot. But what happens when the pot falls into the wrong hands?
650 _aEasy Reading
_vfiction
650 _aStory book
_vfiction
700 _aMike,
_eillustrator.
700 _aGordon, Carl,
_eillustrator.
830 _aUsborne First Reading
942 _2ddc
_cFIC